Deductive parsing : the use of knowiedge of language (Record no. 11251)
[ view plain ]
| 000 -CABECERA | |
|---|---|
| campo de control de longitud fija | 00483caa a22001572a 4500 |
| 001 - NÚMERO DE CONTROL | |
| campo de control | 005429 |
| 003 - IDENTIFICADOR DEL NÚMERO DE CONTROL | |
| campo de control | AR-FADEU |
| 008 - DATOS DE LONGITUD FIJA--INFORMACIÓN GENERAL | |
| campo de control de longitud fija | 311216n########xxu####################dd |
| 092 ## - ASIGNACIÓN LOCAL DE SIGNATURA TOPOGRÁFICA DEWEY (OCLC) | |
| Número de clasificación | 001.642 |
| Número de documento/Ítem | P954 |
| 100 ## - ENTRADA PRINCIPAL--NOMBRE DE PERSONA | |
| Nombre de persona | Johnson, Mark |
| 245 ## - MENCIÓN DE TÍTULO | |
| Título | Deductive parsing : the use of knowiedge of language |
| 300 ## - DESCRIPCIÓN FÍSICA | |
| Extensión | PP. 39-64 |
| 500 ## - NOTA GENERAL | |
| Nota general | En: Principle-Based parging : computation and psycholonguistics /ed. Robert C. Berwick. Dordrecht : Kluwer, 1992 |
| 546 ## - NOTA DE LENGUA/LENGUAJE | |
| Nota de lengua/lenguaje | Inglés |
| 942 ## - ELEMENTOS DE PUNTO DE ACCESO ADICIONAL (KOHA) | |
| Tipo de ítem Koha | BDGR |
No items available.